Enciclopedia del sexo y de la educación sexual (Registro nro. 2636)

Detalles MARC
000 -CABECERA
Longitud fija campo de control 01045nam a2200265Ia 4500
005 - • FECHA Y HORA DE LA ÚLTIMA TRANSACCIÓN
Fecha y hora de la última transacción 20220316235929.0
008 - • CÓDIGOS DE INFORMACIÓN DE LONGITUD FIJA
Códigos de información de longitud fija 141017s1996 ck a gr 000 0 spa
020 ## - • NÚMERO INTERNACIONAL NORMALIZADO PARA LIBROS
Número Internacional Normalizado para Libros (ISBN) 9589085652 (obra completa)
041 0# - • CÓDIGO DE LENGUA
Código de lengua del texto/banda sonora o título independiente spa
082 04 - • NÚMERO DE LA CLASIFICACIÓN DECIMAL DEWEY
Número de clasificación (R) R 613.9071
Número del ítem E51
040 ## - FUENTE DE LA CATALOGACIÓN
Centro catalogador de origen CO-BoRNBP
Lengua de catalogación spa
Normas de descripción rda
Centro transcriptor CO-BoRNBP
245 00 - • TITULO PROPIAMENTE DICHO
Título Enciclopedia del sexo y de la educación sexual
Mención de responsabilidad, etc. Alonso Acuña Cañas ... [et al.]
250 ## - • MENCIÓN DE EDICIÓN
Mención de edición Segunda reimpresión
264 ## - PRODUCCIÓN, PUBLICACIÓN , DISTRIBUCIÓN, FABRICACIÓN Y COPYRIGHT
Lugar de producción, publicación, distribución, fabricación Bogotá
Nombre del productor, editor, distribuidor, fabricante Zamora
Fecha de de producción, publicación, distribución, fabricación o copyright 1996
300 ## - • DESCRIPCIÓN FÍSICA
Extensión 5 volúmenes
Otras características físicas ilustraciones
Dimensiones 28 cm
336 ## - TIPO DE CONTENIDO
Término de tipo de contenido texto
Código de tipo de contenido txt
Fuente rdacontent
337 ## - TIPO DE MEDIO
Nombre del tipo de medio sin mediación
Código del tipo de medio n
Fuente rdamedia
338 ## - TIPO DE SOPORTE
Nombre del tipo de soporte volumen
Código del tipo de soporte nc
Fuente rdacarrier
505 0# - • NOTA DE CONTENIDO CON FORMATO
Nota de contenido con formato v.1 Conceptos generales en sexualidad humana. -- v.2 El mapa erógeno. -- v.3 Las disfunciones sexuales masculinas. -- v.4 Anticoncepción y aborto. -- v.5 Erografía -- pornografía.
650 14 - • PUNTO DE ACCESO ADICIONAL DE MATERIA - TÉRMINO DE MATERIA
Término de materia o nombre geográfico como elemento inicial Educación sexual
Subdivisión de forma Enciclopedias
Fuente del encabezamiento o término LEMB
650 14 - • PUNTO DE ACCESO ADICIONAL DE MATERIA - TÉRMINO DE MATERIA
Término de materia o nombre geográfico como elemento inicial Sexo
Subdivisión de forma Enciclopedias
Fuente del encabezamiento o término LEMB
650 14 - • PUNTO DE ACCESO ADICIONAL DE MATERIA - TÉRMINO DE MATERIA
Término de materia o nombre geográfico como elemento inicial Sexualidad
Subdivisión de forma Enciclopedias
Fuente del encabezamiento o término LEMB
700 1# - • PUNTO DE ACCESO ADICIONAL - NOMBRE DE PERSONA
Nombre de persona Acuña Cañas, Alonso
942 ## - ENTRADA DE ELEMENTOS AGREGADOS (KOHA)
Fuente de clasificaión o esquema Dewey Decimal Classification
Koha [por defecto] tipo de item LIbro
Existencias
Perdido Fuente de clasificación o esquema Estado Físico No para préstamo Forma de adquisición Localización permanente Localización actual Localización en estanterías Fecha adquisición Préstamos totales Signatura completa Código de barras Fecha última consulta Número de copia Fecha del precio de reemplazo Tipo de item de Koha
  Dewey Decimal Classification     Colección General Biblioteca Pública El Castillo - Alfonso Meneses Biblioteca Pública El Castillo - Alfonso Meneses Referencia 09/11/2023   R 613.9071 E51 EC02758 09/11/2023 Ej.1 09/11/2023 LIbro
  Dewey Decimal Classification     Colección General Biblioteca Pública El Castillo - Alfonso Meneses Biblioteca Pública El Castillo - Alfonso Meneses Referencia 09/11/2023   R 613.9071 E51 EC02759 09/11/2023 Ej.2 09/11/2023 LIbro
  Dewey Decimal Classification     Colección General Biblioteca Pública El Castillo - Alfonso Meneses Biblioteca Pública El Castillo - Alfonso Meneses Referencia 09/11/2023   R 613.9071 E51 EC02760 09/11/2023 Ej.3 09/11/2023 LIbro
  Dewey Decimal Classification     Colección General Biblioteca Pública El Castillo - Alfonso Meneses Biblioteca Pública El Castillo - Alfonso Meneses Referencia 09/11/2023   R 613.9071 E51 EC02761 09/11/2023 Ej.4 09/11/2023 LIbro
  Dewey Decimal Classification     Colección General Biblioteca Pública El Castillo - Alfonso Meneses Biblioteca Pública El Castillo - Alfonso Meneses Referencia 09/11/2023   R 613.9071 E51 EC02762 09/11/2023 Ej.5 09/11/2023 LIbro
  Dewey Decimal Classification     Colección General Biblioteca Pública Guamal Biblioteca Pública Guamal Referencia 04/26/2023   R613.9071 E51 GUA003419 04/26/2023 Ej.1 04/26/2023 Libro Referencia









Instituto Departamental de Cultura del Meta - Red Departamental de Bibliotecas Públicas del Meta.